00951nam a2200289 4500003000400000005001700004008004100021020001800062040001800080050002300098100002800121245005100149264004200200300002500242336002200267337002400289338002400313500008700337650004400424650003200468650003100500650003000531650002100561655005000582942001200632999001700644OSt20260530113850.0260421b2009 NYUa|||| |||| 00| 0 eng d a9781599951683 aICIbspacICI aBF637.S8bM39 20091 aMaxwell, John C.93114210aHow successful people think /cJohn C. Maxwell 1bCenter Street,c2009aNashville, TN : a128 páginasc21 cm atexto2rdacontent asin medio2rdamedia avolumen2rdacarrier aLibro sobre desarrollo del pensamiento orientado al éxito personal y profesional aÉxitoxAspectos psicológicos925867 aPensamiento creativo931143 aDesarrollo personal931144 aToma de decisiones931145 aLiderazgo931146 2localaLibros de superación personal931147 2lcccBK c11424d11424